| 000 | 02041nam a2200421 a 4500 | ||
|---|---|---|---|
| 001 | ebr10671043 | ||
| 003 | CaPaEBR | ||
| 006 | m u | ||
| 007 | cr cn||||||||| | ||
| 008 | 090721s2010 nyuabd sb 001 0 eng d | ||
| 010 | _z 2009028464 | ||
| 020 | _z9781607411215 (hardcover) | ||
| 020 | _z1607411210 (hardcover) | ||
| 020 | _z9781613249536 (e-book) | ||
| 040 |
_aCaPaEBR _cCaPaEBR |
||
| 035 | _a(OCoLC)767734201 | ||
| 043 |
_an-us--- _aa-ko--- _ae-ru--- |
||
| 050 | 1 | 4 |
_aHD9433.A2 _bG58 2010eb |
| 082 | 0 | 4 |
_a382/.416213 _222 |
| 245 | 0 | 0 |
_aGlobal beef trade _h[electronic resource] / _cAlessandro Ferrara, editor. |
| 260 |
_aNew York : _bNova Science Publishers, _cc2010. |
||
| 300 |
_axi, 253 p. : _bill., maps. |
||
| 490 | 1 | _aAgriculture issues and policies series | |
| 504 | _aIncludes bibliographical references and index. | ||
| 505 | 0 | _aGlobal beef trade: effects of animal health, sanitary, food safety, and other measures on United States beef exports / United States International Trade Commission -- United States-South Korea beef dispute: agreement and status / Remy Jurenas and Mark E. Manyin -- Mad cow disease and United States beef trade / Charles E. Hanrahan and Geoffrey S. Becker -- United States-Russia meat and poultry trade issues / Geoffrey S. Becker. | |
| 533 |
_aElectronic reproduction. _bPalo Alto, Calif. : _cebrary, _d2013. _nAvailable via World Wide Web. _nAccess may be limited to ebrary affiliated libraries. |
||
| 650 | 0 | _aBeef industry. | |
| 650 | 0 |
_aBeef industry _zUnited States. |
|
| 650 | 0 |
_aBeef industry _zKorea (South) |
|
| 650 | 0 |
_aBeef industry _zRussia (Federation) |
|
| 650 | 0 |
_aPoultry industry _zUnited States. |
|
| 650 | 0 |
_aPoultry industry _zRussia (Federation) |
|
| 655 | 7 |
_aElectronic books. _2local |
|
| 700 | 1 |
_aFerrara, Alessandro, _d1956- |
|
| 710 | 2 | _aebrary, Inc. | |
| 830 | 0 | _aAgriculture issues and policies series. | |
| 856 | 4 | 0 |
_uhttp://site.ebrary.com/lib/rucke/Doc?id=10671043 _zAn electronic book accessible through the World Wide Web; click to view |
| 999 |
_c62246 _d62246 |
||